Μάρκετινγκ μάνατζμεντ : ανάλυση, σχεδιασμός, υλοποίηση και έλεγχος
Αποθηκεύτηκε σε:
| Κύριος συγγραφέας: | |
|---|---|
| Μορφή: | Βιβλίο |
| Γλώσσα: | Greek English |
| Δημοσίευση: |
Αθήνα :
Interbooks,
c2000
|
| Έκδοση: | 9η έκδ. |
| Θέματα: | |
| Ετικέτες: |
Προσθήκη ετικέτας
Δεν υπάρχουν, Καταχωρήστε ετικέτα πρώτοι!
|
MARC
| LEADER | 00000cam a2200000 i 4500 | ||
|---|---|---|---|
| 001 | 1/20240 | ||
| 008 | 051201s2000 gre d | ||
| 020 | |a 960-390-084-02 (set) | ||
| 020 | |a 960-390-085-9 (τ.1) | ||
| 020 | |a 960-390-086-9 (τ.2) | ||
| 035 | |l 10081565 | ||
| 040 | |a GR-MY-UA |b gre |e aacr | ||
| 041 | 1 | |a gre |h eng | |
| 082 | 0 | |a 658.8 |2 (22) | |
| 100 | 1 | |a Kotler, Philip. | |
| 245 | 1 | 0 | |a Μάρκετινγκ μάνατζμεντ : |b ανάλυση, σχεδιασμός, υλοποίηση και έλεγχος / |c Philip Kotler |
| 250 | |a 9η έκδ. | ||
| 260 | |a Αθήνα : |b Interbooks, |c c2000 | ||
| 300 | |a 2 τ.; |c 24 εκ. | ||
| 650 | 0 | 0 | |a Marketing |x Management. |
| 852 | |a INST |b SAMOS |e 20051201 |h 658.8 KOT |p 005300024724 |q 005300024724 |t BK |y 0 |z τ.1 | ||
| 852 | |a INST |b SAMOS |e 20051201 |h 658.8 KOT |p 005300024725 |q 005300024725 |t BK |y 0 |z τ.1 | ||
| 852 | |a INST |b SAMOS |e 20051201 |h 658.8 KOT |p 005300024726 |q 005300024726 |t BK |y 23 |z τ.2 | ||
| 852 | |a INST |b SAMOS |e 20051201 |h 658.8 KOT |p 005300024727 |q 005300024727 |t BK |y 0 |z τ.2 | ||
| 852 | |a INST |b SAMOS |e 20051201 |h 658.8 KOT |p 005300024728 |q 005300024728 |t BK |y 0 |z τ.2 | ||
| 852 | |a INST |b SAMOS |e 20051201 |h 658.8 KOT |p 005300024729 |q 005300024729 |t BK |y 23 |z τ.1 | ||
| 852 | |a INST |b SAMOS |e 20071214 |h 658.8 KOT |p 005300027402 |q 005300027402 |t BK |y 0 |z τ.2 | ||
| 852 | |a INST |b SAMOS |e 20071214 |h 658.8 KOT |p 005300027403 |q 005300027403 |t BK |y 0 |z τ.2 | ||
| 852 | |a INST |b SAMOS |e 20071214 |h 658.8 KOT |p 005300027404 |q 005300027404 |t BK |y 0 |z τ.1 | ||
| 852 | |a INST |b SAMOS |e 20071214 |h 658.8 KOT |p 005300027405 |q 005300027405 |t BK |y 0 |z τ.1 | ||
| 852 | |a INST |b SAMOS |e 20131011 |h 658.8 KOT |p 005300040666 |q 005300040666 |t BK |y 0 |z τ.2 | ||
| 852 | |a INST |b SAMOS |e 20131011 |h 658.8 KOT |p 005300040667 |q 005300040667 |t BK |y 0 |z τ.1 | ||
| 852 | |a INST |b SAMOS |e 20051201 |h 658.8 KOT |p 005300024724 |q 005300024724 |t BK |v τ.1: |y 0 |z τ.1 | ||
| 852 | |a INST |b SAMOS |e 20051201 |h 658.8 KOT |p 005300024725 |q 005300024725 |t BK |v τ.1: |y 0 |z τ.1 | ||
| 852 | |a INST |b SAMOS |e 20051201 |h 658.8 KOT |p 005300024726 |q 005300024726 |t BK |v τ.2: |y 23 |z τ.2 | ||
| 852 | |a INST |b SAMOS |e 20051201 |h 658.8 KOT |p 005300024727 |q 005300024727 |t BK |v τ.2: |y 0 |z τ.2 | ||
| 852 | |a INST |b SAMOS |e 20051201 |h 658.8 KOT |p 005300024728 |q 005300024728 |t BK |v τ.2: |y 0 |z τ.2 | ||
| 852 | |a INST |b SAMOS |e 20051201 |h 658.8 KOT |p 005300024729 |q 005300024729 |t BK |v τ.1: |y 23 |z τ.1 | ||
| 852 | |a INST |b SAMOS |e 20071214 |h 658.8 KOT |p 005300027402 |q 005300027402 |t BK |v τ.2: |y 0 |z τ.2 | ||
| 852 | |a INST |b SAMOS |e 20071214 |h 658.8 KOT |p 005300027403 |q 005300027403 |t BK |v τ.2: |y 0 |z τ.2 | ||
| 852 | |a INST |b SAMOS |e 20071214 |h 658.8 KOT |p 005300027404 |q 005300027404 |t BK |v τ.1: |y 0 |z τ.1 | ||
| 852 | |a INST |b SAMOS |e 20071214 |h 658.8 KOT |p 005300027405 |q 005300027405 |t BK |v τ.1: |y 0 |z τ.1 | ||
| 852 | |a INST |b SAMOS |e 20131011 |h 658.8 KOT |p 005300040666 |q 005300040666 |t BK |v τ.2: |y 0 |z τ.2 | ||
| 852 | |a INST |b SAMOS |e 20131011 |h 658.8 KOT |p 005300040667 |q 005300040667 |t BK |v τ.1: |y 0 |z τ.1 | ||
| 853 | |a INST |b SAMOS |h 658.8 KOT | ||
| 901 | |a BIBL3-2013-3 | ||
| 901 | |a BIBL3-2007-3 | ||
| 909 | |a Σ |b 178844 | ||
| 909 | |a Σ |b 178770 | ||
| 909 | |a Σ |b 134340 | ||
| 909 | |a Σ |b 134339 | ||
| 909 | |a Σ |b 134338 | ||
| 909 | |a Σ |b 134337 | ||
| 909 | |a Σ |b 124634 | ||
| 909 | |a Σ |b 124635 | ||
| 909 | |a Σ |b 124636 | ||
| 909 | |a Σ |b 124637 | ||
| 909 | |a Σ |b 124638 | ||
| 909 | |a Σ |b 124639 | ||
| 970 | |a ΜΑΛΑΓΑΡΗ |b ΦΩΤΕΙΝΗ |z 2005/12/01 | ||